000 00388nam a2200157Ia 4500
008 230524s9999 xx 000 0 und d
082 _a658.5
_bMOH
100 _aR.K.Mohanty
_941973
245 0 _aProduction and Operations management
250 _a1
260 _aBBSR
_bBK Publication
_c2008
300 _a325p:
500 _aQuantity Number: 1
650 _aManagement
942 _cBK
999 _c56387
_d56387